<?xml version="1.0" encoding="UTF-8"?><?xml-stylesheet type="text/xsl" href="static/style.xsl"?><OAI-PMH xmlns="http://www.openarchives.org/OAI/2.0/" xmlns:xsi="http://www.w3.org/2001/XMLSchema-instance" xsi:schemaLocation="http://www.openarchives.org/OAI/2.0/ http://www.openarchives.org/OAI/2.0/OAI-PMH.xsd"><responseDate>2026-04-17T18:48:10Z</responseDate><request verb="GetRecord" identifier="oai:www.recercat.cat:20.500.14342/2213" metadataPrefix="marc">https://recercat.cat/oai/request</request><GetRecord><record><header><identifier>oai:recercat.cat:20.500.14342/2213</identifier><datestamp>2026-01-28T12:59:58Z</datestamp><setSpec>com_2072_482405</setSpec><setSpec>com_2072_183628</setSpec><setSpec>col_2072_482411</setSpec></header><metadata><record xmlns="http://www.loc.gov/MARC21/slim" xmlns:dcterms="http://purl.org/dc/terms/" xmlns:xsi="http://www.w3.org/2001/XMLSchema-instance" xmlns:doc="http://www.lyncode.com/xoai" xsi:schemaLocation="http://www.loc.gov/MARC21/slim http://www.loc.gov/standards/marcxml/schema/MARC21slim.xsd">
   <leader>00925njm 22002777a 4500</leader>
   <datafield ind2=" " ind1=" " tag="042">
      <subfield code="a">dc</subfield>
   </datafield>
   <datafield ind2=" " ind1=" " tag="720">
      <subfield code="a">Longás Mayayo, Jordi</subfield>
      <subfield code="e">author</subfield>
   </datafield>
   <datafield ind2=" " ind1=" " tag="720">
      <subfield code="a">Longás Mayayo, Eduard</subfield>
      <subfield code="e">author</subfield>
   </datafield>
   <datafield ind2=" " ind1=" " tag="720">
      <subfield code="a">Hernández, Teresa</subfield>
      <subfield code="e">author</subfield>
   </datafield>
   <datafield ind2=" " ind1=" " tag="720">
      <subfield code="a">Vinagre, Elisabet</subfield>
      <subfield code="e">author</subfield>
   </datafield>
   <datafield ind2=" " ind1=" " tag="260">
      <subfield code="c">2015</subfield>
   </datafield>
   <datafield ind2=" " ind1=" " tag="520">
      <subfield code="a">L’article presenta l’avaluació d’impacte d’un programa d’acompanyament educatiu implementat a Catalunya en el qual han participat 495 infants i adolescents de 13 municipis.&#xd;
Els resultats presenten, mitjançant una anàlisi estadística descriptiva, la percepció d’impacte dels grups d’interès, les valoracions dels objectius assolits i els rendiments acadèmics.&#xd;
La valoració és positiva, obtenint-se rendiments superiors a les mitjanes de fracàs escolar dels estudis d’abast nacional emprats com a referència. La investigació posa en valor l’interès dels programes d’acompanyament a l’escolaritat sempre que compleixin&#xd;
requisits de qualitat intrínseca i treball en territori, en un tipus de programes que, atesa la realitat educativa del país, poden ser emergents per a l’educació social.</subfield>
   </datafield>
   <datafield ind2=" " ind1=" " tag="520">
      <subfield code="a">El artículo presenta la evaluación de impacto de un programa de acompañamiento educativo&#xd;
implementado en Cataluña en el que han participado 495 niños/as y adolescentes de&#xd;
13 municipios. Los resultados presentan, mediante un análisis estadístico descriptivo, la&#xd;
percepción de impacto de los grupos de interés, las valoraciones de los objetivos logrados&#xd;
y los rendimientos académicos. La valoración es positiva, obteniéndose rendimientos superiores&#xd;
a los promedios de fracaso escolar de los estudios de alcance nacional utilizados&#xd;
como referencia. La investigación pone en valor el interés de los programas de acompañamiento&#xd;
de la escolaridad siempre que cumplan requisitos de calidad intrínseca y trabajo&#xd;
en territorio, en un tipo de programas que, dada la realidad educativa del país, pueden ser&#xd;
emergentes para la educación social.</subfield>
   </datafield>
   <datafield ind1="8" ind2=" " tag="024">
      <subfield code="a">http://hdl.handle.net/20.500.14342/2213</subfield>
   </datafield>
   <datafield tag="653" ind2=" " ind1=" ">
      <subfield code="a">Fracàs escolar</subfield>
   </datafield>
   <datafield tag="653" ind2=" " ind1=" ">
      <subfield code="a">Rendiment acadèmic</subfield>
   </datafield>
   <datafield tag="653" ind2=" " ind1=" ">
      <subfield code="a">Programes de millora de l'escola</subfield>
   </datafield>
   <datafield ind2="0" ind1="0" tag="245">
      <subfield code="a">Èxit escolar i coresponsabilitat educativa: avaluació del programa d’acompanyament a l’èxit educatiu de la Fundació Catalunya-La Pedrera</subfield>
   </datafield>
</record></metadata></record></GetRecord></OAI-PMH>